Apertura económica y demanda de trabajo calificado en los países en desarrollo: teoría y hechos /
Uloženo v:
| Hlavní autor: | |
|---|---|
| Další autoři: | |
| Médium: | Text |
| Témata: | |
| Tagy: |
Přidat tag
Žádné tagy, Buďte první, kdo vytvoří štítek k tomuto záznamu!
|
MARC
| LEADER | 00000 a a2200000 04500 | ||
|---|---|---|---|
| 001 | 3529 | ||
| 003 | |||
| 040 | |||
| 100 | |a O'Connor, David | ||
| 245 | |a Apertura económica y demanda de trabajo calificado en los países en desarrollo: teoría y hechos / |c David O'Connor ; Rosa María Lunati | ||
| 500 | |a Extracto del documento: Organización para la Cooperación y el Desarrollo Económicos. Economic Opening and the Demand for Skills in Developing Countries: a review of Theory and Evidence, París, 1999 | ||
| 650 | |a CRECIMIENTO ECONOMICO | ||
| 650 | |a TRABAJO | ||
| 650 | |a MODELOS ECONOMICOS | ||
| 650 | |a GLOBALIZACION | ||
| 650 | |a CAPACITACION | ||
| 650 | |a TRABAJADORES CALIFICADOS | ||
| 650 | |a TECNOLOGIA | ||
| 650 | |a INVERSIONES | ||
| 700 | |a Lunati, Rosa María | ||
| 773 | |g volumen 52, número 4; páginas 282-298 | ||
| 999 | |c 38431 |d 38431 | ||
